000 00321 a2200157 4500
001 68102
020 _a9783190516780
040 _cAnchieta - Pituba
100 _aKopp, Gabriele
240 1 0 _aDabei! A1
_ldeu / ger
245 1 0 _aDabei! A1
300 _a72
362 0 _a2020
650 4 _aLíngua alemã
942 _cBK
999 _c68102
_d68102